Phố cổ Hội An và việc giao lưu văn hóa ở Việt Nam

Gorde:
Xehetasun bibliografikoak
Egile nagusia: Nguyễn Quốc Hùng
Formatua: Liburua
Hizkuntza:Undetermined
Argitaratua: Đà Nẵng Nxb. Đà Nẵng 1995
Gaiak:
Etiketak: Etiketa erantsi
Etiketarik gabe, Izan zaitez lehena erregistro honi etiketa jartzen!
Thư viện lưu trữ: Trung tâm Học liệu Trường Đại học Cần Thơ
LEADER 00581nam a2200169Ia 4500
001 CTU_10352
008 210402s9999 xx 000 0 und d
082 |a 915.97 
082 |b H513 
100 |a Nguyễn Quốc Hùng 
245 0 |a Phố cổ Hội An và việc giao lưu văn hóa ở Việt Nam 
245 0 |c Nguyễn Quốc Hùng 
260 |a Đà Nẵng 
260 |b Nxb. Đà Nẵng 
260 |c 1995 
650 |a hoi an - description and travel,vietnam - description and travel 
980 |a Trung tâm Học liệu Trường Đại học Cần Thơ